[Event "Malopolskie Chess Tour - Grupa Seniorska"]
[Site "Poronin"]
[Date "2022.01.10"]
[Round "8.2"]
[White "Minko, Janusz"]
[Black "Zarow, Zdzislaw"]
[Result "0-1"]
[BlackElo "1672"]
[WhiteElo "1746"]
[LiveChessVersion "1.4.8"]

1. g3 {[%clk 1:29:36]} Nf6 {[%clk 1:30:16]} 2. Bg2 {[%clk 1:30:02]} c5
{[%clk 1:30:26]} 3. Nf3 {[%clk 1:30:18]} Nc6 {[%clk 1:30:54]} 4. O-O
{[%clk 1:30:29]} g6 {[%clk 1:31:07]} 5. c4 {[%clk 1:30:07]} Bg7 {[%clk 1:31:27]}
6. Nc3 {[%clk 1:30:01]} d6 {[%clk 1:31:26]} 7. d3 {[%clk 1:23:24]} O-O
{[%clk 1:30:01]} 8. Bd2 {[%clk 1:22:24]} Bg4 {[%clk 1:29:46]} 9. h3
{[%clk 1:18:32]} Bxf3 {[%clk 1:29:33]} 10. Bxf3 {[%clk 1:18:39]} Nd4
{[%clk 1:28:26]} 11. Bg2 {[%clk 1:18:47]} Qd7 {[%clk 1:27:41]} 12. e3
{[%clk 1:13:14]} Nc6 {[%clk 1:27:55]} 13. a3 {[%clk 1:13:02]} Rab8
{[%clk 1:24:32]} 14. Rb1 {[%clk 1:11:43]} Ne5 {[%clk 1:18:17]} 15. Qe2
{[%clk 1:09:39]} Rfc8 {[%clk 1:12:05]} 16. b4 {[%clk 1:04:16]} e6
{[%clk 1:09:18]} 17. b5 {[%clk 1:02:37]} d5 {[%clk 1:09:17]} 18. f4
{[%clk 0:57:37]} Nh5 {[%clk 1:06:48]} 19. Kh2 {[%clk 0:57:32]} dxc4
{[%clk 1:04:41]} 20. fxe5 {[%clk 0:54:19]} cxd3 {[%clk 1:04:53]} 21. Qf3
{[%clk 0:38:13]} Bxe5 {[%clk 1:05:05]} 22. Kg1 {[%clk 0:29:54]} Nxg3
{[%clk 1:04:53]} 23. Rf2 {[%clk 0:28:53]} f5 {[%clk 1:02:24]} 24. Qd1
{[%clk 0:23:31]} Rd8 {[%clk 1:00:41]} 25. Bf3 Qd6 {[%clk 0:57:14]} 26. Rg2
{[%clk 0:19:37]} c4 {[%clk 0:55:19]} 27. Qa4 {[%clk 0:19:02]} Qb6
{[%clk 0:55:01]} 28. Qxc4 {[%clk 0:15:20]} Rbc8 {[%clk 0:54:59]} 29. Qb3
{[%clk 0:15:46]} Bxc3 {[%clk 0:49:36]} 30. Bxc3 {[%clk 0:16:06]} Qxe3+
{[%clk 0:50:00]} 31. Kh2 {[%clk 0:14:07]} d2 {[%clk 0:43:41]} 32. Kxg3
{[%clk 0:06:38]} Rxc3 {[%clk 0:43:48]} 33. Qd1 {[%clk 0:06:42]} Rdd3
{[%clk 0:43:12]} 34. Rf2 {[%clk 0:06:18]} Rc1 {[%clk 0:39:32]} 0-1

[Event "Malopolskie Chess Tour - Grupa Seniorska"]
[Site "Poronin"]
[Date "2022.01.10"]
[Round "8.3"]
[White "Szydlowski, Kazimierz"]
[Black "Sadzikowski, Marian"]
[Result "0-1"]
[BlackElo "1763"]
[WhiteElo "1749"]
[LiveChessVersion "1.4.8"]

1. e4 {[%clk 1:30:57]} Nf6 {[%clk 1:30:50]} 2. Nc3 {[%clk 1:30:43]} d5
{[%clk 1:31:15]} 3. e5 {[%clk 1:31:01]} d4 {[%clk 1:31:23]} 4. exf6
{[%clk 1:31:16]} dxc3 {[%clk 1:31:48]} 5. d4 {[%clk 1:30:45]} cxb2
{[%clk 1:30:54]} 6. fxg7 {[%clk 1:30:37]} Bxg7 {[%clk 1:28:08]} 7. Bxb2
{[%clk 1:30:48]} c5 {[%clk 1:28:10]} 8. Nf3 {[%clk 1:29:56]} Bg4 {[%clk 1:27:18]}
9. Bb5+ {[%clk 1:29:28]} Kf8 {[%clk 1:27:21]} 10. Be2 {[%clk 1:24:47]} Nc6
{[%clk 1:23:20]} 11. c3 {[%clk 1:24:22]} Bxf3 {[%clk 1:14:46]} 12. Bxf3
{[%clk 1:23:28]} cxd4 {[%clk 1:15:09]} 13. c4 {[%clk 1:16:51]} Qa5+
{[%clk 1:13:33]} 14. Qd2 {[%clk 1:10:21]} Qxd2+ {[%clk 1:04:45]} 15. Kxd2
{[%clk 1:10:42]} Ne5 {[%clk 1:05:03]} 16. Bd5 {[%clk 1:06:29]} e6
{[%clk 0:54:11]} 17. f4 {[%clk 1:02:05]} exd5 {[%clk 0:53:01]} 18. fxe5
{[%clk 1:02:12]} Bxe5 {[%clk 0:51:30]} 19. cxd5 {[%clk 1:00:13]} Rd8
{[%clk 0:51:36]} 20. Kd3 {[%clk 0:57:38]} Rg8 {[%clk 0:50:17]} 21. g3
{[%clk 0:56:34]} f6 {[%clk 0:48:06]} 22. Ba3+ {[%clk 0:55:16]} Kf7
{[%clk 0:48:01]} 23. Rab1 {[%clk 0:55:28]} b6 {[%clk 0:48:04]} 24. Rb5
{[%clk 0:54:47]} Rd7 {[%clk 0:46:09]} 25. Bb2 {[%clk 0:52:47]} Rgd8
{[%clk 0:46:12]} 26. Ke4 {[%clk 0:52:07]} Rg8 {[%clk 0:44:46]} 27. Rd1
{[%clk 0:49:44]} Rg4+ {[%clk 0:44:33]} 28. Kf3 {[%clk 0:48:42]} h5
{[%clk 0:44:44]} 29. a4 {[%clk 0:48:02]} f5 {[%clk 0:37:07]} 30. a5
{[%clk 0:39:40]} bxa5 {[%clk 0:36:23]} 31. Rxa5 {[%clk 0:39:59]} h4
{[%clk 0:35:27]} 32. Rda1 {[%clk 0:35:48]} Bb8 {[%clk 0:31:05]} 33. Rb5
{[%clk 0:32:43]} Be5 {[%clk 0:29:41]} 34. Rba5 {[%clk 0:32:46]} hxg3
{[%clk 0:29:14]} 35. hxg3 {[%clk 0:30:46]} Rxg3+ {[%clk 0:29:33]} 36. Kf2
{[%clk 0:30:08]} Rb3 {[%clk 0:29:35]} 37. Bc1 {[%clk 0:23:55]} d3
{[%clk 0:28:00]} 38. R1a4 {[%clk 0:21:15]} Bc7 {[%clk 0:23:51]} 39. Ra6
{[%clk 0:17:20]} Bb6+ {[%clk 0:23:51]} 40. Ke1 {[%clk 0:16:10]} Rxd5
{[%clk 0:23:24]} 0-1

[Event "Malopolskie Chess Tour - Grupa Seniorska"]
[Site "Poronin"]
[Date "2022.01.10"]
[Round "9.1"]
[White "Szydlowski, Kazimierz"]
[Black "Kucharski, Tadeusz"]
[Result "1-0"]
[BlackElo "1601"]
[WhiteElo "1749"]
[LiveChessVersion "1.4.8"]

1. e4 {[%clk 1:30:56]} e6 {[%clk 1:30:45]} 2. Nf3 {[%clk 1:31:16]} d5
{[%clk 1:30:13]} 3. e5 {[%clk 1:31:37]} c5 {[%clk 1:30:10]} 4. b4
{[%clk 1:31:56]} cxb4 {[%clk 1:28:21]} 5. a3 {[%clk 1:31:34]} bxa3
{[%clk 1:28:15]} 6. Bxa3 {[%clk 1:31:01]} Bxa3 {[%clk 1:28:04]} 7. Nxa3
{[%clk 1:31:10]} a6 {[%clk 1:27:59]} 8. Nb5 {[%clk 1:30:40]} Ne7 {[%clk 1:25:28]}
9. Nd6+ {[%clk 1:30:34]} Kf8 {[%clk 1:24:57]} 10. Ng5 {[%clk 1:29:28]} Nf5
{[%clk 1:22:04]} 11. Ngxf7 {[%clk 1:28:21]} Qd7 {[%clk 1:21:48]} 12. Nxh8
{[%clk 1:27:38]} Nxd6 {[%clk 1:22:00]} 13. exd6 {[%clk 1:27:24]} Kg8
{[%clk 1:21:35]} 14. Qf3 {[%clk 1:26:33]} Nc6 {[%clk 1:21:39]} 15. Bb5
{[%clk 1:19:06]} Nd4 {[%clk 1:18:00]} 16. Bxd7 {[%clk 1:18:59]} Nxf3+
{[%clk 1:18:16]} 17. gxf3 {[%clk 1:19:16]} Bxd7 {[%clk 1:18:41]} 18. Ng6
{[%clk 1:15:35]} hxg6 {[%clk 1:18:57]} 19. Rg1 {[%clk 1:15:17]} Kf7
{[%clk 1:19:09]} 20. d4 {[%clk 1:14:01]} b5 {[%clk 1:17:33]} 21. c3
{[%clk 1:11:46]} a5 {[%clk 1:17:46]} 22. Kd2 {[%clk 1:11:14]} a4 {[%clk 1:18:08]}
23. Rg2 {[%clk 0:57:57]} Kf6 {[%clk 1:16:32]} 24. Rag1 {[%clk 0:56:55]} Be8
{[%clk 1:16:34]} 25. d7 {[%clk 0:57:06]} Bf7 {[%clk 1:16:44]} 26. Rb1
{[%clk 0:52:55]} Rd8 {[%clk 1:10:40]} 27. Rxb5 {[%clk 0:50:37]} Rxd7
{[%clk 1:11:02]} 28. Ra5 {[%clk 0:49:31]} Rb7 {[%clk 1:11:16]} 29. Rxa4
{[%clk 0:49:07]} g5 {[%clk 1:11:31]} 30. Rb4 {[%clk 0:46:46]} Ra7
{[%clk 1:11:46]} 31. Rb2 {[%clk 0:46:39]} Ra1 {[%clk 1:11:15]} 32. Rc2
{[%clk 0:43:37]} Bg6 {[%clk 1:11:13]} 33. Rc1 {[%clk 0:43:39]} Ra2+
{[%clk 1:10:00]} 34. Ke3 {[%clk 0:40:41]} Bf5 {[%clk 1:09:49]} 35. Rgg1
{[%clk 0:40:11]} Ra8 {[%clk 1:08:32]} 36. Ra1 {[%clk 0:35:29]} Rh8
{[%clk 1:08:58]} 37. Rg2 {[%clk 0:34:23]} g6 {[%clk 1:06:43]} 38. Rag1
{[%clk 0:32:24]} Rh5 {[%clk 1:06:52]} 39. Kd2 {[%clk 0:31:34]} Rh8
{[%clk 1:07:04]} 40. Rxg5 {[%clk 0:29:22]} Rxh2 {[%clk 1:07:16]} 41. Ke3
{[%clk 0:29:00]} Rh8 {[%clk 1:07:32]} 42. R5g2 {[%clk 0:28:54]} Ra8
{[%clk 1:07:14]} 43. Rc1 {[%clk 0:28:25]} Ra3 {[%clk 1:05:24]} 44. f4
{[%clk 0:26:01]} Rb3 {[%clk 1:03:32]} 45. Rh2 {[%clk 0:25:20]} Kg7
{[%clk 1:03:25]} 46. f3 {[%clk 0:24:30]} Ra3 {[%clk 1:03:32]} 47. Rb2
{[%clk 0:24:24]} Kf6 {[%clk 1:03:37]} 48. Rb7 {[%clk 0:23:52]} g5
{[%clk 0:56:40]} 49. Rc7 {[%clk 0:22:21]} gxf4+ {[%clk 0:55:42]} 50. Kxf4
{[%clk 0:22:39]} Ra8 {[%clk 0:55:39]} 51. Rg1 {[%clk 0:21:53]} Rh8
{[%clk 0:54:50]} 52. Rgg7 {[%clk 0:19:32]} Bg6 {[%clk 0:53:24]} 53. Rxg6+
{[%clk 0:19:13]} Kxg6 {[%clk 0:53:36]} 54. Ke5 {[%clk 0:19:35]} Rf8
{[%clk 0:53:31]} 55. Kxe6 {[%clk 0:19:38]} Rxf3 {[%clk 0:53:45]} 56. Kxd5
{[%clk 0:19:38]} Kf6 {[%clk 0:53:43]} 57. c4 {[%clk 0:19:33]} Rh3
{[%clk 0:53:27]} 58. c5 {[%clk 0:19:37]} Rh5+ 59. Kc4 Rh4 {[%clk 0:49:53]} 60.
Rd7 {[%clk 0:19:24]} Ke6 {[%clk 0:49:26]} 61. c6 {[%clk 0:18:26]} Rh1
{[%clk 0:47:58]} 62. d5+ {[%clk 0:18:27]} Ke5 {[%clk 0:47:42]} 63. Kc5
{[%clk 0:18:00]} Rc1+ {[%clk 0:48:01]} 64. Kb6 {[%clk 0:18:23]} Rb1+
{[%clk 0:48:29]} 65. Kc7 {[%clk 0:18:39]} 1-0

[Event "Malopolskie Chess Tour - Grupa Seniorska"]
[Site "Poronin"]
[Date "2022.01.10"]
[Round "9.2"]
[White "Minko, Janusz"]
[Black "Sadzikowski, Marian"]
[Result "0-1"]
[BlackElo "1763"]
[WhiteElo "1746"]
[LiveChessVersion "1.4.8"]

1. d4 {[%clk 1:30:53]} b6 {[%clk 1:29:52]} 2. c4 {[%clk 1:31:02]} Bb7
{[%clk 1:30:19]} 3. Nc3 {[%clk 1:31:07]} e6 {[%clk 1:30:39]} 4. e4
{[%clk 1:29:40]} Bb4 {[%clk 1:29:54]} 5. d5 {[%clk 1:10:16]} e5 {[%clk 1:22:34]}
6. Bd2 {[%clk 1:08:19]} Na6 {[%clk 1:21:21]} 7. Nf3 {[%clk 1:05:53]} d6
{[%clk 1:20:53]} 8. a3 {[%clk 1:04:08]} Bxc3 {[%clk 1:21:04]} 9. Bxc3
{[%clk 1:04:12]} Nc5 {[%clk 1:21:19]} 10. Qc2 {[%clk 1:04:20]} Nf6
{[%clk 1:20:42]} 11. Nd2 {[%clk 1:03:35]} O-O {[%clk 1:17:29]} 12. b4
{[%clk 1:03:55]} Ncd7 {[%clk 1:17:28]} 13. Be2 {[%clk 1:04:13]} Re8
{[%clk 1:16:12]} 14. O-O {[%clk 1:04:37]} Nf8 {[%clk 1:16:40]} 15. Nb3
{[%clk 0:58:25]} Ng6 {[%clk 1:15:58]} 16. Bd2 {[%clk 0:58:17]} Bc8
{[%clk 1:15:52]} 17. c5 {[%clk 0:55:15]} Bd7 {[%clk 1:13:55]} 18. c6
{[%clk 0:50:55]} Bc8 {[%clk 1:14:19]} 19. a4 {[%clk 0:50:55]} Nf4
{[%clk 1:14:37]} 20. Bxf4 {[%clk 0:50:55]} exf4 {[%clk 1:15:06]} 21. f3
{[%clk 0:51:12]} Qe7 {[%clk 1:14:27]} 22. a5 {[%clk 0:50:55]} Nxd5
{[%clk 1:14:29]} 23. Qd2 {[%clk 0:49:14]} Ne3 {[%clk 1:13:34]} 24. Rfc1
{[%clk 0:47:31]} Qg5 {[%clk 1:11:42]} 25. Bf1 {[%clk 0:45:30]} Bh3
{[%clk 1:10:51]} 26. Kh1 {[%clk 0:45:59]} Be6 {[%clk 1:09:45]} 27. Nd4
{[%clk 0:45:51]} Qe5 {[%clk 0:53:11]} 28. Be2 {[%clk 0:41:18]} d5
{[%clk 0:51:46]} 29. Nc2 {[%clk 0:36:59]} dxe4 {[%clk 0:49:00]} 30. Nxe3
{[%clk 0:37:11]} exf3 {[%clk 0:49:08]} 31. Bxf3 {[%clk 0:35:33]} fxe3
{[%clk 0:48:14]} 32. Qe2 {[%clk 0:33:38]} Rad8 {[%clk 0:46:35]} 33. axb6
{[%clk 0:30:38]} axb6 {[%clk 0:46:55]} 34. Ra3 {[%clk 0:29:58]} Bd5
{[%clk 0:42:55]} 35. Bxd5 {[%clk 0:27:27]} Qxd5 {[%clk 0:41:52]} 36. Rxe3
{[%clk 0:25:05]} Rxe3 {[%clk 0:41:03]} 37. Qxe3 {[%clk 0:25:34]} Qd1+
{[%clk 0:41:07]} 38. Qe1 {[%clk 0:25:42]} Qxe1+ {[%clk 0:40:41]} 39. Rxe1
{[%clk 0:26:11]} Kf8 {[%clk 0:41:04]} 40. Kg1 {[%clk 0:26:11]} Rd4
{[%clk 0:40:59]} 41. b5 {[%clk 0:25:39]} Rd5 {[%clk 0:40:22]} 42. Kf2
{[%clk 0:21:25]} g6 {[%clk 0:40:11]} 43. Kf3 {[%clk 0:20:15]} Rxb5
{[%clk 0:40:06]} 44. Rd1 {[%clk 0:20:35]} Rc5 {[%clk 0:40:17]} 45. Rd8+
{[%clk 0:20:36]} Kg7 {[%clk 0:40:41]} 46. Rd7 {[%clk 0:20:44]} Rxc6
{[%clk 0:41:00]} 47. Ke4 {[%clk 0:21:13]} Rc2 {[%clk 0:39:54]} 48. Rd4
{[%clk 0:21:35]} 0-1

[Event "Malopolskie Chess Tour - Grupa Seniorska"]
[Site "Poronin"]
[Date "2022.01.10"]
[Round "9.3"]
[White "Marszalek, Jakub"]
[Black "Zarow, Zdzislaw"]
[Result "0-1"]
[BlackElo "1672"]
[WhiteElo "1406"]
[LiveChessVersion "1.4.8"]

1. Nf3 {[%clk 1:30:55]} d5 {[%clk 1:29:59]} 2. e3 {[%clk 1:31:05]} c5
{[%clk 1:30:16]} 3. c3 {[%clk 1:31:12]} Nc6 {[%clk 1:30:32]} 4. Bb5
{[%clk 1:31:18]} Qc7 {[%clk 1:30:29]} 5. O-O {[%clk 1:31:30]} Nf6
{[%clk 1:30:57]} 6. d4 {[%clk 1:31:42]} c4 {[%clk 1:31:09]} 7. Re1
{[%clk 1:31:24]} Bg4 {[%clk 1:31:35]} 8. Nbd2 {[%clk 1:30:33]} e6
{[%clk 1:31:10]} 9. Nf1 {[%clk 1:30:52]} Bd6 {[%clk 1:31:23]} 10. h3
{[%clk 1:30:55]} Bh5 {[%clk 1:31:38]} 11. N1h2 {[%clk 1:30:33]} Bxh2+
{[%clk 1:31:46]} 12. Kh1 {[%clk 1:30:49]} Bd6 {[%clk 1:31:59]} 13. Rg1
{[%clk 1:31:06]} Ne4 {[%clk 1:32:12]} 14. Qf1 {[%clk 1:31:12]} Bg3
{[%clk 1:32:27]} 15. Ne5 {[%clk 1:30:40]} Nxf2+ {[%clk 1:32:17]} 16. Qxf2 Bxf2
{[%clk 1:32:31]} 17. Rf1 {[%clk 1:31:30]} Bg3 {[%clk 1:32:26]} 18. Nxc6
{[%clk 1:31:26]} bxc6 {[%clk 1:32:54]} 19. Ba4 {[%clk 1:31:34]} O-O
{[%clk 1:33:01]} 20. Bd2 {[%clk 1:31:55]} Rab8 {[%clk 1:33:16]} 21. b3
{[%clk 1:31:41]} Be2 {[%clk 1:33:40]} 22. Rfc1 {[%clk 1:31:17]} Bf2
{[%clk 1:33:44]} 23. Be1 {[%clk 1:31:07]} Bxe3 {[%clk 1:33:40]} 24. Rc2
{[%clk 1:30:53]} Bd3 {[%clk 1:34:08]} 25. Rb2 {[%clk 1:30:56]} Qf4
{[%clk 1:34:12]} 26. Bxc6 {[%clk 1:30:02]} Qf1+ {[%clk 1:34:10]} 27. Kh2
{[%clk 1:28:23]} Bg1+ {[%clk 1:32:04]} 28. Kg3 {[%clk 1:28:24]} g5
{[%clk 1:32:07]} 29. b4 {[%clk 1:27:45]} Qf4# 0-1

[Event "Malopolskie Chess Tour - Grupa Seniorska"]
[Site "Poronin"]
[Date "2022.01.11"]
[Round "10.1"]
[White "Kucharski, Tadeusz"]
[Black "Szydlowski, Kazimierz"]
[Result "1/2-1/2"]
[BlackElo "1749"]
[WhiteElo "1601"]
[LiveChessVersion "1.4.8"]

1. e4 {[%clk 1:30:46]} c5 {[%clk 1:30:47]} 2. Nf3 {[%clk 1:29:55]} Nc6
{[%clk 1:31:11]} 3. d3 {[%clk 1:23:52]} g6 {[%clk 1:30:56]} 4. Bd2
{[%clk 1:22:52]} Bg7 {[%clk 1:30:51]} 5. Bc3 {[%clk 1:23:11]} e5 {[%clk 1:30:57]}
6. a3 {[%clk 1:21:41]} a5 {[%clk 1:29:51]} 7. h3 {[%clk 1:17:43]} Nge7
{[%clk 1:29:01]} 8. Bd2 {[%clk 1:16:58]} d5 {[%clk 1:28:33]} 9. Nc3
{[%clk 1:15:52]} b6 {[%clk 1:27:33]} 10. Nb5 {[%clk 1:13:41]} Nd4
{[%clk 1:26:31]} 11. Nbxd4 {[%clk 1:11:35]} exd4 {[%clk 1:25:50]} 12. e5
{[%clk 1:08:09]} O-O {[%clk 1:25:07]} 13. Bf4 {[%clk 1:08:32]} Re8
{[%clk 1:25:14]} 14. Qd2 {[%clk 1:06:42]} Nc6 {[%clk 1:25:16]} 15. O-O-O
{[%clk 1:06:49]} Nxe5 {[%clk 1:24:07]} 16. Nxe5 {[%clk 1:05:49]} Bxe5
{[%clk 1:24:07]} 17. g3 {[%clk 1:04:37]} Bxf4 {[%clk 1:22:18]} 18. Qxf4
{[%clk 1:04:54]} Kg7 {[%clk 1:20:56]} 19. Bg2 {[%clk 1:04:32]} Qf6
{[%clk 1:19:46]} 20. Qxf6+ {[%clk 1:04:26]} Kxf6 {[%clk 1:20:09]} 21. Bxd5
{[%clk 1:04:50]} Ra7 {[%clk 1:20:00]} 22. Bf3 {[%clk 1:01:00]} Rae7
{[%clk 1:14:46]} 23. Kd2 {[%clk 1:00:56]} h5 {[%clk 1:14:43]} 24. h4
{[%clk 1:01:07]} Bg4 {[%clk 1:10:30]} 25. Bxg4 {[%clk 1:01:17]} hxg4
{[%clk 1:10:51]} 26. Rde1 {[%clk 1:01:40]} Rxe1 {[%clk 1:07:30]} 27. Rxe1
{[%clk 1:02:02]} Rxe1 {[%clk 1:07:35]} 28. Kxe1 {[%clk 1:02:25]} Ke5
{[%clk 1:07:26]} 29. a4 {[%clk 1:02:03]} f5 {[%clk 1:07:33]} 30. Kd2
{[%clk 1:02:16]} f4 {[%clk 1:06:56]} 31. Ke2 {[%clk 1:02:33]} 1/2-1/2

[Event "Malopolskie Chess Tour - Grupa Seniorska"]
[Site "Poronin"]
[Date "2022.01.11"]
[Round "10.3"]
[White "Zarow, Zdzislaw"]
[Black "Marszalek, Jakub"]
[Result "1-0"]
[BlackElo "1406"]
[WhiteElo "1672"]
[LiveChessVersion "1.4.8"]

1. e4 {[%clk 1:30:57]} c5 {[%clk 1:30:20]} 2. Nf3 {[%clk 1:31:05]} g6
{[%clk 1:30:16]} 3. Bc4 {[%clk 1:31:21]} e6 {[%clk 1:29:58]} 4. d4
{[%clk 1:31:40]} cxd4 {[%clk 1:29:55]} 5. Qxd4 {[%clk 1:31:59]} Qf6
{[%clk 1:29:26]} 6. e5 {[%clk 1:32:00]} Qd8 {[%clk 1:29:02]} 7. Bg5
{[%clk 1:31:43]} Be7 {[%clk 1:29:17]} 8. h4 {[%clk 1:31:35]} h5 {[%clk 1:29:13]}
9. Nc3 {[%clk 1:31:17]} Nc6 {[%clk 1:29:09]} 10. Qd2 {[%clk 1:31:26]} a6
{[%clk 1:29:08]} 11. Ne4 {[%clk 1:30:59]} Qa5 {[%clk 1:28:55]} 12. O-O-O
{[%clk 1:26:31]} Qb4 {[%clk 1:29:04]} 13. Bxe7 {[%clk 1:26:29]} Ngxe7
{[%clk 1:29:04]} 14. c3 {[%clk 1:26:17]} Qa5 {[%clk 1:28:23]} 15. Nd6+
{[%clk 1:22:17]} Kf8 {[%clk 1:28:38]} 16. Qf4 {[%clk 1:22:20]} Nf5
{[%clk 1:28:30]} 17. Rhe1 {[%clk 1:22:00]} b5 {[%clk 1:28:04]} 18. Bb3
{[%clk 1:21:05]} Kg7 {[%clk 1:27:57]} 19. Qg5 {[%clk 1:19:21]} Qd8
{[%clk 1:27:01]} 20. Qf4 {[%clk 1:16:06]} a5 {[%clk 1:26:21]} 21. Ng5
{[%clk 1:16:17]} Rf8 {[%clk 1:26:33]} 22. Nxb5 {[%clk 1:04:57]} Ba6
{[%clk 1:26:23]} 23. Nd6 {[%clk 1:03:31]} Rb8 {[%clk 1:25:52]} 24. Nxf5+
{[%clk 0:59:25]} exf5 {[%clk 1:25:59]} 25. e6 {[%clk 0:58:05]} Qf6
{[%clk 1:24:39]} 26. Rxd7 {[%clk 0:58:08]} Rb7 {[%clk 1:24:10]} 27. Rxf7+
{[%clk 0:57:00]} Rfxf7 {[%clk 1:23:53]} 28. Nxf7 {[%clk 0:57:00]} a4
{[%clk 1:23:08]} 29. Bd5 {[%clk 0:53:32]} a3 {[%clk 1:23:22]} 30. Qh6+
{[%clk 0:52:33]} Kg8 {[%clk 1:23:33]} 31. Ne5 {[%clk 0:47:18]} axb2+
{[%clk 1:23:40]} 32. Kc2 {[%clk 0:47:28]} b1=Q+ {[%clk 1:22:14]} 33. Rxb1
{[%clk 0:47:55]} Rxb1 {[%clk 1:22:40]} 34. e7+ Rb7 1-0